000 01036cam a22002894a 4500
001 12896546
003 OSt
005 20160603161541.0
008 020815s2002 vau b 001 0 eng
010 _a 2002013156
020 _a9780871206916 (alk. paper)
040 _aDLC
_cDLC
_dDLC
042 _apcc
050 0 0 _aLB 2822.8
_b.D37 2002
082 _aGLT 371.2
_bD22 2002
100 1 _aDanielson, Charlotte.
_922418
245 1 0 _aEnhancing student achievement :
_ba framework for school improvement /
_cCharlotte Danielson.
260 _aAlexandria, Va. :
_bAssociation for Supervision and Curriculum Development,
_c2002
300 _a141 p. :
_c26 cm.
504 _aIncludes bibliographical references (p. 129-134) and index.
650 0 _aSchool improvement programs.
_922371
650 0 _aAcademic achievement.
_917179
906 _a7
_bcbc
_corignew
_d1
_eecip
_f20
_gy-gencatlg
942 _2lcc
_cBK
999 _c12583
_d12583